000 00629nam a22002297a 4500
003 BPGM
008 260415m mx gr|||| 001 f spa d
020 _a968-19-0698-5
040 _bSPA
041 _aSPA
_hSPA
082 0 4 _aM3687
_bD63
100 _aMARIAS, JAVIER
245 _aLOS DOMINIOS DEL LOBO
260 _aMÉXICO
_bALFAGUARA
_cMARZO 2000
300 _a338
_c21.5X13.1
336 _2rdacontent
_atexto
_btxt
337 _2rdamedia
_asin mediación
_bn
338 _2rdacarrier
_avolumen
_bnc
650 _v863
_x800
_y60
_z3
700 _aLUIGI LOIR
_cEN LA ESTACION
_d1845-1916
_eILUSTRADOR
942 _2ddc
_cCONSULTA
999 _c68572
_d68572